[Event "IBCA Wch blind 14th"]
[Site "Cagliari"]
[Date "2019.04.10"]
[Round "5"]
[White "Morelli, Daniel"]
[Black "Dayan, Itay"]
[Result "0-1"]
[WhiteElo "1382"]
[BlackElo "1409"]
[PlyCount "108"]
[EventDate "2019.04.06"]
[EventType "swiss"]
[EventRounds "9"]
[EventCountry "ITA"]
[SourceTitle "CBM 189 Extra"]
[Source "ChessBase"]
[SourceDate "2019.06.03"]
[SourceVersion "1"]
[SourceVersionDate "2019.06.03"]
[SourceQuality "1"]

1. d4 Nf6 2. b3 g6 3. Bb2 Bg7 4. Nd2 d5 5. e3 0-0 6. Ngf3 c5 7. Ne5 cxd4 8. Bxd4 Nc6 9. Bb2 Qc7 10. f4 Ng4 11. Nxg4 Bxb2 12. Nh6+ Kg7 13. Rb1 Ba3 14. Ng4 Nb4 15. Bd3 Bxg4 16. Qxg4 Nxc2+ 17. Bxc2 Qxc2 18. Qd1 Qc3 19. Qe2 Bc1 20. 0-0 Qxd2 21. Qxd2 Bxd2 22. Rbd1 Bxe3+ 23. Kh1 Rac8 24. Rfe1 d4 25. g3 Rc2 26. a4 Rfc8 27. Rb1 Rf2 28. Rf1 Rxf1+ 29. Rxf1 Rc1 30. Kg2 Rxf1 31. Kxf1 d3 32. Ke1 Kf6 33. b4 Kf5 34. h3 Ke4 35. a5 Kd4 36. b5 Kc4 37. b6 axb6 38. axb6 Kb5 39. h4 Kxb6 40. g4 Ka5 41. f5 gxf5 42. gxf5 b5 43. h5 b4 44. Kf1 b3 45. Kg2 d2 46. Kf3 d1Q+ 47. Kxe3 b2 48. f6 b1Q 49. fxe7 Qbd3+ 50. Kf4 Q1f3+ 51. Kg5 Qdf5+ 52. Kh6 Q3xh5+ 53. Kg7 Qe5+ 54. Kf8 Qh8# 0-1

[Event "IBCA Wch blind 14th"]
[Site "Cagliari"]
[Date "2019.04.09"]
[Round "4"]
[White "Dayan, Itay"]
[Black "Atterberg, David"]
[Result "0-1"]
[WhiteElo "1409"]
[BlackElo "1109"]
[PlyCount "82"]
[EventDate "2019.04.06"]
[EventType "swiss"]
[EventRounds "9"]
[EventCountry "ITA"]
[SourceTitle "CBM 189 Extra"]
[Source "ChessBase"]
[SourceDate "2019.06.03"]
[SourceVersion "1"]
[SourceVersionDate "2019.06.03"]
[SourceQuality "1"]

1. e4 c5 2. Nc3 e6 3. Bc4 b6 4. f4 Bb7 5. d3 a6 6. a3 d6 7. Nf3 Nd7 8. 0-0 Be7 9. Qe1 Qc7 10. Qg3 g6 11. f5 gxf5 12. Ng5 Bxg5 13. Qxg5 Ngf6 14. exf5 Rg8 15. fxe6 Rxg5 16. exd7+ Kxd7 17. Rxf6 Rxg2+ 18. Kf1 Rf8 19. Bxf7 Rg6 20. Rf2 Rg7 21. Be6+ Ke7 22. Bh6 Rxf2+ 23. Kxf2 Kxe6 24. Re1+ Kf6 25. Bxg7+ Kxg7 26. Rg1+ Kf7 27. Rg3 Kf6 28. Ne4+ Bxe4 29. dxe4 Qc6 30. Rf3+ Ke5 31. Rf7 Ke6 32. Rxh7 Qxe4 33. Rh6+ Kd5 34. Rh5+ Kc6 35. h4 Qxc2+ 36. Kg3 Qxb2 37. Rg5 c4 38. h5 c3 39. h6 c2 40. h7 c1Q 41. Rg8 Qh6 0-1